États Américains Dont la Capitale est la Plus Grande Ville - Statistiques

Statistiques générales
  • Ce quiz a été pris 22 fois
  • Le résultat moyen est 6 sur 17
Statistiques - réponses
Capial U.S. State % Correct
Phoenix Arizona
60%
Atlanta Géorgie
53%
Salt Lake City Utah
47%
Boston Massachusetts
40%
Columbus Ohio
40%
Cheyenne Wyoming
40%
Denver Colorado
33%
Indianapolis Indiana
33%
Oklahoma City Oklahoma
33%
Nashville Tennessee
33%
Des Moines Iowa
27%
Little Rock Arkansas
20%
Honolulu Hawaï
20%
Boise Idaho
20%
Jackson Mississippi
20%
Providence Rhode Island
20%
Charleston Virginie-Occidentale
13%
Aucun quiz correspondant
Distribution des résultats
% des personnes avec chaque résultat
Percentile par nombre de réponses
Votre historique - résultats
Vous n’avez pas pris ce quiz